Current Directions in Personality Psychology / Reading from the American Psychological Society (Record no. 5836)
[ view plain ]
| 000 -LEADER | |
|---|---|
| fixed length control field | 01405cam a22001814a 4500 |
| 005 - ΗΜΕΡΟΜΗΝΙΑ ΚΑΙ ΩΡΑ ΤΕΛΕΥΤΑΙΑΣ ΕΝΗΜΕΡΩΣΗΣ | |
| Πεδίο ελέγχου | 20250605163516.0 |
| 008 - FIXED-LENGTH DATA ELEMENTS--GENERAL INFORMATION | |
| Πεδίο ελέγχου σταθερού μήκους | 250528s ||||||||||||||||||||||||d |
| 035 ## - SYSTEM CONTROL NUMBER | |
| System control number | 20752 |
| 020 ## - ISBN | |
| ISBN | 13191989 |
| 040 ## - ΠΗΓΗ ΚΑΤΑΛΟΓΟΓΡΑΦΗΣΗΣ | |
| Φορέας πρωτότυπης καταλογογράφησης | MC Athens Campus Library |
| Γλώσσα καταλογογράφησης | Ελληνικά, Μοντέρνα (1453-) |
| Modifying agency | MC Athens Campus Library |
| Κανόνες περιγραφικής καταλογογράφησης | AACR2 |
| 245 1# - ΤΙΤΛΟΣ ΚΑΙ ΔΗΛΩΣΗ ΥΠΕΥΘΥΝΟΤΗΤΑΣ | |
| Τίτλος | Current Directions in Personality Psychology / Reading from the American Psychological Society |
| 260 ## - PUBLICATION, DISTRIBUTION, ETC. | |
| Name of publisher, distributor, etc. | Pearson - Prentice Hall, |
| Date of publication, distribution, etc. | 2005 |
| 300 ## - PHYSICAL DESCRIPTION | |
| Extent | 216 |
| 520 ## - SUMMARY, ETC. | |
| Summary, etc. | The American Psychological Society is dedicated to advancing psychology as a science-based discipline. Personality Defined: The Issues of Stability, Situation-Behavior Profiles as a Locus of Constistency, Moving Personality Beyond the Person-Situation Debate, The Role of Biological Mechanisms in Personality, Biological Bases of Maternal Attachments, The Role of Prenatal Maternal Stress in Child Development, The Psychobiology of Stress, Novelty Seeking and Reward: Implications for the Study, Personality in Action: Intrapersonal Processes, Emotional Regulation in Adulthood: Timing is Everything, Personality in Relational Contexts, Making Sense of Self-Esteem, Marital Conflict: Correlates and Structures and Context, Implications of Personality for Well-Being, Resilience in Development, Stress and Positive Emotion and Coping, Intelligence Predicts Health and Longevity but Why?, Critical Thinking Questions. |
| 942 ## - ADDED ENTRY ELEMENTS (KOHA) | |
| Koha item type | Books |
| Τύπος τεκμηρίου | Βιβλιοθήκη | Τρέχουσα τοποθεσία | Barcode | Αριθμός εισαγωγής | Ημερομηνία απόκτησης | Ταξιθετικό σύμβολο | Αριθμός αντιτύπου | Κατάσταση απόσυρσης | Κατάσταση χαμένου | Κατάσταση κατεστραμμένου | Μη δανεισμός | Σύνολο δανεισμών | Ημερομηνία τελευταίας εμφάνισης | Η τιμή ισχύει από |
|---|---|---|---|---|---|---|---|---|---|---|---|---|---|---|
| Books | MC Athens Campus Library | MC Athens Campus Library | 9780000058355 | 7472 | 05/06/2025 | 155.2 MOR | 1 | 05/06/2025 | 05/06/2025 |